| 000 | 01268nam a22002897a 4500 | ||
|---|---|---|---|
| 003 | DO-SdBNP | ||
| 005 | 20180314105718.0 | ||
| 008 | 160413b2009 dr||||| |||| 00| 0 spa d | ||
| 020 | _a9789945171914 | ||
| 040 |
_aBPMSU _bspa _cBPMSU |
||
| 092 |
_a373.7 _bM425e 3ro 2009 |
||
| 245 |
_aMatemática 3 : _beducación media / _cKreemly Pérez ... [et. al.] |
||
| 260 |
_aSanto Domingo : _bSM _c2009 |
||
| 300 |
_a287p. : _bil. : 28 cm |
||
| 490 | _aProyecto saber más | ||
| 505 |
_tSistemas de ecuaciones _tInecuaciones y sistemas de inecuaciones _tVectores _tMatrices _tDeterminantes _tCónicas _tRelaciones métricas _tSegmentos y ángulos en la circunferencia _tFiguras planas. Propiedades métricas _tCuerpos geométricos. Propiedades métricas _tLogaritmos _tFunciones exponenciales y logarítmicas _tFunciones trigonométricas |
||
| 650 |
_aMATEMÁTICAS _xENSEÑANZA SECUNDARIA |
||
| 650 | 4 |
_aEDUCACIÓN SECUNDARIA _zREPÚBLICA DOMINICANA |
|
| 650 | 4 |
_aEDUCACIÓN SECUNDARIA _xESTUDIOS Y EJERCICIOS |
|
| 650 |
_aEDUCACIÓN SECUNDARIA _xLIBROS DE TEXTOS |
||
| 700 | 1 | 2 | _aPérez, Kreemly |
| 830 | 0 | _aEdiciones SM | |
| 910 | _aValidado. Control de calidad MFF | ||
| 942 |
_2ddc _cBK |
||
| 945 | _aRemanejado para la BNPHU, 2018 / BT | ||
| 956 | _adaysi garcia | ||
| 999 |
_c9748 _d9748 |
||